000 00721nam a2200205Ia 4500
003 IEPS
005 20250703135331.0
008 250223s9999||||xx |||||||||||||| ||und||
020 _a9777358033
040 _CIEPS
041 _aara
082 _a302
100 _aابو المجد ، هيثم بهجت عمار
245 0 _aدور مواقع التواصل الاجتماعي في تكوين الرأي العام الرياضي نحو قضايا جماهير كرة القدم
260 _aالاسكندرية
_bمؤسسة عالم الرياضة للنشر
_c2019
300 _a327 ص.
_bجداول
_c24 سم.
653 _aالاتصال
653 _aالاتصال الجماهيري
942 _cكتاب
999 _c13910
_d13910